000 00362nam a22001577a 4500
003 MPLRDC
005 20220104123734.0
008 210129b ||||| |||| 00| 0 eng d
082 _a192.3 LYK c.2
100 _a黄安萍著
245 _a职业女性必读
_c
260 _a
_b今日文化公司
_c
300 _b
650 _a
942 _cBK
_o192.3 LYK c.2
999 _c13802
_d13792